<?xml version="1.0" encoding="UTF-8"?>
<marc:record xmlns:marc="http://www.loc.gov/MARC21/slim" type="Bibliographic">
   <marc:leader>00000nam a2200000 c 4500</marc:leader>
   <marc:controlfield tag="001">780410300</marc:controlfield>
   <marc:controlfield tag="003">DE-101</marc:controlfield>
   <marc:controlfield tag="005">20171202032649.0</marc:controlfield>
   <marc:controlfield tag="007">tu</marc:controlfield>
   <marc:controlfield tag="008">780821s1978    gw ||||| |||| 00||||ger  </marc:controlfield>
   <marc:datafield ind1=" " ind2=" " tag="015">
      <marc:subfield code="a">78,A42,0630</marc:subfield>
      <marc:subfield code="2">dnb</marc:subfield>
   </marc:datafield>
   <marc:datafield ind1="7" ind2=" " tag="016">
      <marc:subfield code="2">DE-101</marc:subfield>
      <marc:subfield code="a">780410300</marc:subfield>
   </marc:datafield>
   <marc:datafield ind1=" " ind2=" " tag="020">
      <marc:subfield code="a">9783430173438</marc:subfield>
      <marc:subfield code="c">Pp. : DM 32.00</marc:subfield>
      <marc:subfield code="9">978-3-430-17343-8</marc:subfield>
   </marc:datafield>
   <marc:datafield ind1=" " ind2=" " tag="020">
      <marc:subfield code="a">3430173434</marc:subfield>
      <marc:subfield code="c">Pp. : DM 32.00</marc:subfield>
      <marc:subfield code="9">3-430-17343-4</marc:subfield>
   </marc:datafield>
   <marc:datafield ind1=" " ind2=" " tag="035">
      <marc:subfield code="a">(DE-599)DNB780410300</marc:subfield>
   </marc:datafield>
   <marc:datafield ind1=" " ind2=" " tag="035">
      <marc:subfield code="a">(OCoLC)600694302</marc:subfield>
   </marc:datafield>
   <marc:datafield ind1=" " ind2=" " tag="040">
      <marc:subfield code="a">1200</marc:subfield>
      <marc:subfield code="b">ger</marc:subfield>
      <marc:subfield code="c">DE-101</marc:subfield>
      <marc:subfield code="d">9999</marc:subfield>
   </marc:datafield>
   <marc:datafield ind1=" " ind2=" " tag="041">
      <marc:subfield code="a">ger</marc:subfield>
   </marc:datafield>
   <marc:datafield ind1=" " ind2=" " tag="044">
      <marc:subfield code="c">XA-DE</marc:subfield>
   </marc:datafield>
   <marc:datafield ind1=" " ind2=" " tag="084">
      <marc:subfield code="a">14a</marc:subfield>
      <marc:subfield code="a">02a</marc:subfield>
      <marc:subfield code="a">390</marc:subfield>
      <marc:subfield code="a">900</marc:subfield>
      <marc:subfield code="a">910</marc:subfield>
      <marc:subfield code="a">914.3</marc:subfield>
      <marc:subfield code="a">920</marc:subfield>
      <marc:subfield code="a">930</marc:subfield>
      <marc:subfield code="a">940</marc:subfield>
      <marc:subfield code="a">943</marc:subfield>
      <marc:subfield code="a">950</marc:subfield>
      <marc:subfield code="a">960</marc:subfield>
      <marc:subfield code="a">970</marc:subfield>
      <marc:subfield code="a">980</marc:subfield>
      <marc:subfield code="a">990</marc:subfield>
      <marc:subfield code="q">DE-101</marc:subfield>
      <marc:subfield code="2">sdnb</marc:subfield>
   </marc:datafield>
   <marc:datafield ind1="1" ind2=" " tag="100">
      <marc:subfield code="0">(DE-588)1015511120</marc:subfield>
      <marc:subfield code="0">http://d-nb.info/gnd/1015511120</marc:subfield>
      <marc:subfield code="0">(DE-101)1015511120</marc:subfield>
      <marc:subfield code="a">Palm, Rolf</marc:subfield>
      <marc:subfield code="d">1932-</marc:subfield>
      <marc:subfield code="e">Verfasser</marc:subfield>
      <marc:subfield code="4">aut</marc:subfield>
   </marc:datafield>
   <marc:datafield ind1="0" ind2="0" tag="245">
      <marc:subfield code="a">&#x98;Die&#x9c; Sarazenen</marc:subfield>
      <marc:subfield code="b">Weltreich aus Glaube u. Schwert</marc:subfield>
      <marc:subfield code="c">Rolf Palm</marc:subfield>
   </marc:datafield>
   <marc:datafield ind1=" " ind2=" " tag="250">
      <marc:subfield code="a">1. Aufl.</marc:subfield>
   </marc:datafield>
   <marc:datafield ind1=" " ind2=" " tag="259">
      <marc:subfield code="a">11</marc:subfield>
   </marc:datafield>
   <marc:datafield ind1=" " ind2="1" tag="264">
      <marc:subfield code="a">Wien, Düsseldorf</marc:subfield>
      <marc:subfield code="b">Econ-Verlag</marc:subfield>
      <marc:subfield code="c">1978</marc:subfield>
   </marc:datafield>
   <marc:datafield ind1=" " ind2=" " tag="300">
      <marc:subfield code="a">454 S.</marc:subfield>
      <marc:subfield code="b">Ill. (z.T. farb.), Kt.</marc:subfield>
      <marc:subfield code="c">22 cm</marc:subfield>
   </marc:datafield>
   <marc:datafield ind1=" " ind2=" " tag="336">
      <marc:subfield code="a">Text</marc:subfield>
      <marc:subfield code="b">txt</marc:subfield>
      <marc:subfield code="2">rdacontent</marc:subfield>
   </marc:datafield>
   <marc:datafield ind1=" " ind2=" " tag="337">
      <marc:subfield code="a">ohne Hilfsmittel zu benutzen</marc:subfield>
      <marc:subfield code="b">n</marc:subfield>
      <marc:subfield code="2">rdamedia</marc:subfield>
   </marc:datafield>
   <marc:datafield ind1=" " ind2=" " tag="338">
      <marc:subfield code="a">Band</marc:subfield>
      <marc:subfield code="b">nc</marc:subfield>
      <marc:subfield code="2">rdacarrier</marc:subfield>
   </marc:datafield>
   <marc:datafield ind1="1" ind2="7" tag="600">
      <marc:subfield code="a">Mohammed</marc:subfield>
      <marc:subfield code="2">local</marc:subfield>
   </marc:datafield>
   <marc:datafield ind1=" " ind2="7" tag="650">
      <marc:subfield code="a">Mittelalter</marc:subfield>
      <marc:subfield code="x">Allg. Geschichte</marc:subfield>
      <marc:subfield code="2">local</marc:subfield>
   </marc:datafield>
   <marc:datafield ind1=" " ind2="7" tag="650">
      <marc:subfield code="a">Sarazenen</marc:subfield>
      <marc:subfield code="2">local</marc:subfield>
   </marc:datafield>
   <marc:datafield ind1=" " ind2="7" tag="651">
      <marc:subfield code="a">Araber</marc:subfield>
      <marc:subfield code="2">local</marc:subfield>
   </marc:datafield>
   <marc:datafield ind1=" " ind2=" " tag="850">
      <marc:subfield code="a">DE-101a</marc:subfield>
      <marc:subfield code="a">DE-101b</marc:subfield>
   </marc:datafield>
</marc:record>
